|
|
|
|
| LEADER |
00926nam a22002892a 4500 |
| 001 |
001842925 |
| 003 |
CZ BrMZK |
| 005 |
20221212113435.0 |
| 007 |
ta |
| 008 |
221209s1930 xr er|||||||||||cze d |
| 015 |
|
|
|a cnb000543853
|
| 020 |
|
|
|q (Brož.)
|
| 035 |
|
|
|a (OCoLC)9835302
|
| 040 |
|
|
|a ABA001
|b cze
|c LIA001
|d ABA001
|
| 041 |
1 |
|
|a cze
|h eng
|
| 100 |
1 |
|
|a Galsworthy, John,
|d 1867-1933
|7 jn19990002542
|4 aut
|
| 245 |
1 |
0 |
|a Ostrov pokrytců :
|b román /
|c John Galsworthy ; přeložila Anna Kučerová
|
| 260 |
|
|
|a V Praze :
|b Alois Srdce,
|c 1930
|f ("Orbis")
|
| 300 |
|
|
|a 275 s. ;
|c 8°
|
| 500 |
|
|
|a Přeloženo z angličtiny
|
| 500 |
|
|
|a 2000 výt.
|
| 700 |
1 |
|
|a Kučerová, Anna,
|d 1896-1975
|7 jk01070604
|4 trl
|
| 765 |
0 |
|
|t Island pharisees
|9 Česky
|
| 910 |
|
|
|a BOA001
|b 1-1499.617
|
| 990 |
|
|
|a BK
|
| 991 |
|
|
|b 202212
|
| 996 |
6 |
|
|b 2610924344
|c 1-1499.617
|l MZK
|r Sklad / do 1 hodiny
|n 0
|p dar
|w 001908392
|u 000010
|a 1
|e BOA001
|j MZK50
|s P
|